"Pražské děti" pochod ; "Pro Mařenky" : sousedská : dechový kvintet /

Main Author: Siegl, Ada, 1905-1989
Other Authors: Rak, František, Chobotský, František
Language: No linguistic content
Published: [1940?]
Online Access: Titulní list (klikněte pro zobrazení)
Zobrazení hudebního incipitu
Physical Description: 5, 4 rkp. hlasy ; 34 cm
Musical Score Musical Score
Saved in:
LEADER 01865ndm a2200457 a 4500
001 001234329
003 CZ BrMZK
005 20161017130150.0
007 qu
008 030413s1940 xx muneg zxx d
031 |a 01  |b 01  |c 01  |d Sousedská  |m fl  |g G-2  |n bBE  |o 3/4  |p {''8FG}2F/4GFE/D'BB/8B-4--//:  |r B|b  |2 pe 
040 |a BOA001  |b cze 
047 |a mr  |a zz  |a df 
072 7 |a 788  |x Hudba pro dechové nástroje  |2 Konspekt  |9 9 
080 |a 78.084  |2 MRF 
080 |a 78.085.7  |2 MRF 
080 |a 78.085.2  |2 MRF 
080 |a (0.032)78  |2 MRF 
080 |a 78.087  |2 MRF 
100 1 |a Siegl, Ada,  |d 1905-1989  |7 jx20090722007  |4 cmp 
245 1 0 |a "Pražské děti"  |h [rukopis] :  |b pochod ; "Pro Mařenky" : sousedská : dechový kvintet /  |c Áda Siegl. Máš ho vidět : pochod ; Secese na šišato : polka / Franta Rak 
260 |c [1940?] 
300 |a 5, 4 rkp. hlasy ;  |c 34 cm 
500 |a Rkp. 
561 |a Provenience: (razítko): František Rak Praha - Vršovice Ruská 1024 
567 |a Je možné doplnit incipity 
650 0 4 |a pochody (dechový kvintet) 
650 0 4 |a sousedské (dechový kvintet) 
650 0 4 |a polky (dechový kvintet) 
655 7 |a hudební rukopisy  |7 fd278469  |2 czenas 
655 7 |a hlasy  |7 fd186703  |2 czenas 
700 1 |a Rak, František  |7 mzk2012733388  |4 cmp  |4 own 
700 1 |a Chobotský, František  |7 mzk2012732700  |4 scr 
740 0 2 |a "Pro Mařenky" 
740 0 2 |a Máš ho vidět 
740 0 2 |a Secese na šišato 
856 4 1 |u https://imageserver.mzk.cz/mzk01/001/234/329/2619480695  |y Titulní list (klikněte pro zobrazení) 
856 4 1 |u http://audioserver.mzk.cz/incipity/png/001234329-010101.png  |y Zobrazení hudebního incipitu 
910 |a BOA001  |b RKPMus-0609.735 
990 |a MU 
996 6 |b 2619480695  |c RKPMus-0609.735  |l Stud. starých tisků/4.patro  |r Sklad / do násl. otevíracího dne  |n 0  |w 001268313  |x 9  |u 000010  |a 1  |e BOA001  |j MZK50  |s P